| 000 | 00655nam a22002057a 4500 | ||
|---|---|---|---|
| 999 |
_c173635 _d173635 |
||
| 005 | 20200304110709.0 | ||
| 010 | _aENG-127966 | ||
| 020 |
_a9789386446589 _c850.00 |
||
| 035 | _aEN-111498 | ||
| 037 | _bDBAD/PUB | ||
| 082 | _a327.540090512 | ||
| 100 | _aChowdhary,Reeta | ||
| 245 |
_aModi's foreign policy/ _cby Reeta Chowdhary,Tremblay, [and] Ashok Kapur |
||
| 260 |
_aNew Delhi _bSage Publication India _c2017 |
||
| 270 |
_aB1/1-1 Mohan Cooperative Industrial Area Mathura Road _bNew Delhi _e110044 |
||
| 300 |
_axi;256p. _c24cm(hb) |
||
| 700 | _a Tremblay, | ||
| 700 | _aKapur, Ashok | ||
| 942 |
_2ddc _cEN _h327.540090512 _mCHO |
||